000 00447cam a22001337a 4500
008 180718b1894 xxu||||| |||| 00| 0 eng d
082 _aA6x44 R599
100 _aRocquain, Felix
245 _aRevolutionary spirit preceding the French revolution
_cby Felix Rocquain
260 _aLondon
_bSwan Sonnenschein
_c1894
300 _a186p.
650 _aFrance --History --Revolution, 1789-1799 --Causes
650 _aFrance --History --Louis XV, 1715-1774
999 _c432975
_d432975